| 000 | 01847 am a2200577 a 4500 | ||
|---|---|---|---|
| 005 | 20240214111424.0 | ||
| 008 | 100304s1995||||sp a f |||| 001 0 spa | ||
| 020 | _a8429174524 | ||
| 041 | _aspa | ||
| 092 |
_c574.192 _l81 _sSTR |
||
| 100 | 1 |
_aStryer, Lubert. _91 |
|
| 245 |
_aBioquímica. _bVol.2 / _cLubert Stryer. |
||
| 250 |
_a4a ed. _bTraducción José M. Macarulla |
||
| 260 |
_aBarcelona: _bReverte; _c1995. |
||
| 300 | _a441-1010 p. | ||
| 500 | _aStryer, L. (1995). Bioquímica. Vol.2 (4a ed.). Barcelona : Reverte. | ||
| 590 | _aEl ejemplar inv. 131 faltante al 01/09/2011 | ||
| 653 | _aMetabolismo | ||
| 653 | _aHidratos de carbono | ||
| 653 | _aGlicolisis | ||
| 653 | _aCiclo del ácido cítrico | ||
| 653 | _aFosforilación ixidativa | ||
| 653 | _aVía de las pentosas fosfato y gluconeogénesis | ||
| 653 | _aMetabolismo del glucógeno | ||
| 653 | _aMetabolismo de los ácidos grasos | ||
| 653 | _aDegradación de aminoácidos y ciclo de la urea | ||
| 653 | _aFotosíntesis | ||
| 653 | _aBiosíntesis de lípidos de membrana y de esteroides | ||
| 653 | _aBiosíntesis de aminoácidos y del grupo hemo | ||
| 653 | _aBiosíntesis de los nucleótidos | ||
| 653 | _aIntegración del metabolismo | ||
| 653 | _aEstructura, replicación y reparación de DNA | ||
| 653 | _aReordenación de genes | ||
| 653 | _aSíntesis y maduración del RNA | ||
| 653 | _aSíntesis de proteínas | ||
| 653 | _aEnvío de proteínas a su punto de destino | ||
| 653 | _aControl de la expresión génica en procariotas | ||
| 653 | _aCromosomas eucarióticos y su expresión génica | ||
| 930 | _a123 | ||
| 930 | _a124 | ||
| 930 | _a125 | ||
| 930 | _a126 | ||
| 930 | _a127 | ||
| 930 | _a129 | ||
| 930 | _a130 | ||
| 930 | _a131 | ||
| 930 | _a221 | ||
| 930 | _a132 | ||
| 930 | _a870 | ||
| 942 |
_2ddc _cBK |
||
| 999 |
_c35 _d35 |
||